000 00302nam a22001337a 4500
008 190226b xxu||||| |||| 00| 0 eng d
020 _a9780155019973
041 _aeng
080 _27th
_a371
100 _a46
101 _aEDU
245 _aImproving college reading
_cJacobus,L.A
942 _2udc
_cBK
999 _c54265
_d54265